Lacrosse World Championships Top 4 Medalist - Statistics

General Stats
  • This quiz has been taken 181 times
  • The average score is 4 of 6
Answer Stats
Answer % Correct
United States
100%
Canada
99%
Australia
66%
Japan
63%
England
60%
Iroquois
56%
No matching quizzes found
Score Distribution
Percent of People with Each Score
Percentile by Number Answered
Your Score History
You have not taken this quiz